| 000 | 00660nam a2200241Ia 4500 | ||
|---|---|---|---|
| 003 | OSt | ||
| 005 | 20220925204041.0 | ||
| 006 | a|||||r|||| 00| 0 | ||
| 007 | ta | ||
| 008 | 220923b |||||||| |||| 00| 0 eng d | ||
| 037 | _cGeneral Book | ||
| 040 |
_aRTL _cRTL _beng |
||
| 041 |
_2eng _aeng |
||
| 082 | _aX:958, L0 | ||
| 110 | _aInternational Labour Office | ||
| 245 | 0 | _aIntroduction to social security | |
| 260 |
_aGenava _bILO _c1970 |
||
| 300 |
_avii, 219p. Appendix p 217-19 _ccm. |
||
| 650 | _aSocial Security | ||
| 700 | _aInternational Labour Office | ||
| 942 |
_hX:958, L0 _cGB _2CC |
||
| 999 |
_c548427 _d548427 |
||